Správa z podujatia Financie, Účtovníctvo, dane 2018 a ich právne aspekty so zameraním na súčasné problémy
Katedra finančného riadenia podniku Podnikovohospodárskej fakulty Ekonomickej univerzity v Bratislave so sídlom v Košiciach organizovala vedecký seminár s názvom Financie, účtovníctvo, dane 2018 a ich právne aspekty so zameraním na súčasné problémy, ktorý bol určený pre členov katedry, fakulty, ale...
Uložené v:
| Hlavný autor: | |
|---|---|
| Médium: | Kapitola |
| Jazyk: | Slovak |
| Predmet: | |
| Tagy: |
Žiadne tagy, Buďte prvý, kto otaguje tento záznam!
|
MARC
| LEADER | 00000naa a2200000 4500 | ||
|---|---|---|---|
| 001 | 0249422 | ||
| 005 | 20240502074004.4 | ||
| 041 | 0 | |a slo | |
| 044 | |a SK | ||
| 245 | 1 | 0 | |a Správa z podujatia Financie, Účtovníctvo, dane 2018 a ich právne aspekty so zameraním na súčasné problémy |c Jozef Lukáč |
| 520 | |a Katedra finančného riadenia podniku Podnikovohospodárskej fakulty Ekonomickej univerzity v Bratislave so sídlom v Košiciach organizovala vedecký seminár s názvom Financie, účtovníctvo, dane 2018 a ich právne aspekty so zameraním na súčasné problémy, ktorý bol určený pre členov katedry, fakulty, ale aj iných odborníkov a výskumníkov z oblastí daní, účtovníctva, podnikových financií, či práva. Cieľom seminára bolo vytvoriť priestor na prezentáciu výsledkov vedeckovýskumnej činnosti jednotlivých účastníkov vedeckého seminára z pohľadu aktuálnych finančných problémov, účtovných, daňových a právnych zmien v oblasti finančného riadenia podnikov. | ||
| 610 | 2 | 0 | |a semináre |
| 610 | 2 | 0 | |a úpravy právne |
| 610 | 2 | 0 | |a účtovníctvo |
| 610 | 2 | 0 | |a dane |
| 610 | 2 | 0 | |a financie |
| 100 | 1 | |a Lukáč, Jozef, 1991- | |